[Event "Washington State-chC"]
[Site "Redmond"]
[Date "2019.02.24"]
[Round "9"]
[White "Du, Wenyang"]
[Black "Shubin, Daniel"]
[Result "1-0"]
[WhiteElo "1784"]
[BlackElo "1843"]
[PlyCount "79"]
[EventDate "2019.02.16"]
[EventType "tourn"]
[EventRounds "9"]
[EventCountry "USA"]
[SourceTitle "EXT 2023"]
[Source "ChessBase"]
[SourceDate "2022.10.05"]
[SourceVersion "1"]
[SourceVersionDate "2022.10.05"]
[SourceQuality "1"]

1. e4 e6 2. d4 d5 3. Nd2 Nf6 4. e5 Nfd7 5. f4 c5 6. Ndf3 Nc6 7. c3 Qb6 8. Ne2 f6 9. a3 cxd4 10. cxd4 fxe5 11. fxe5 Be7 12. Nf4 Nf8 13. Bd3 Bd7 14. b4 0-0-0 15. Ne2 Kb8 16. 0-0 g5 17. Kh1 h6 18. Bb2 g4 19. Nd2 Rc8 20. Nb3 Nh7 21. b5 Nd8 22. a4 Be8 23. a5 Qc7 24. Rc1 Qd7 25. Nc5 Bxc5 26. dxc5 Ng5 27. Qb3 Ka8 28. Nc3 Rxc5 29. Na4 Rxc1 30. Rxc1 Ne4 31. Bxe4 dxe4 32. Nb6+ axb6 33. axb6 Nc6 34. Qa4+ Kb8 35. Ra1 Kc8 36. Qa8+ Nb8 37. Rc1+ Kd8 38. Qxb8+ Ke7 39. Ba3+ Kf7 40. Rc7 1-0